000 00393cam a22001337a 4500
008 180718b1970 xxu||||| |||| 00| 0 eng d
082 _aYA3 H579
100 _aHimsworth, Harold
245 _aThe development and organization of scientific knowledge
_cby Harold Himsworth
260 _aLondon
_bHeinemann
_c1970
300 _a180p.
650 _aScience - Research
650 _aScience and State
999 _c368196
_d368196